| 000 | 00669nam a2200205 a 4500 | ||
|---|---|---|---|
| 005 | 20140310183434.0 | ||
| 008 | 080116s19uu xx 00 eng d | ||
| 020 | _a9781591402640 | ||
| 050 |
_aHF 5548.37 _b.Eb17375 2004 |
||
| 100 | _aCorbitt, Brian J. | ||
| 245 |
_aE-business, e-government & small and medium-sized enterprises : _boportunities and challenges / |
||
| 260 |
_aU.S.A : _bIdea Group Publishing, _c2004. |
||
| 300 |
_a317 p. : _c25 cm. |
||
| 521 | _aBSBA | ||
| 650 |
_aElectronic commerce _xGovernment policy. |
||
| 650 |
_aSmall business _xTechnological innovations. |
||
| 700 | _aAl-Qirim, Nabeel A. Y. | ||
| 942 |
_cBK _2lcc _kFOR |
||
| 999 |
_c22806 _d22806 |
||